Statistics for Brand Logos That Start With L

Click here to take the quiz!

General Stats

  • This quiz has been taken 7,401 times
    (4,694 since last reset)
  • The average score is 7 of 9

Answer Stats

Answer% Correct
Lego
98%
Lays
97%
LG
94%
Levi Strauss
93%
LinkedIn
85%
Lipton
85%
Lacoste
80%
Lufthansa
56%
Lululemon
48%

Score Distribution

Percentile by Number Answered

Percent of People with Each Score

Your Score History

You have not taken this quiz since the last reset